000
00232nam a22001097a 4500
082
_2
22
245
_a
Communication electronics
250
_a
2ed
260
_a
Mcgraw-hill
_b
I New Delhi
_c
14
300
_a
428p.;
_c
24cm
942
_2
ddc
_c
EE
999
_c
118
_d
118